Romantic poetry and prose (Record no. 4440)

MARC details
000 -LEADER
fixed length control field 00498cam a2200193ua 4500
008 - FIXED-LENGTH DATA ELEMENTS--GENERAL INFORMATION
fixed length control field 120812n enk |||gr||||Z||||||eng
020 ## - INTERNATIONAL STANDARD BOOK NUMBER
International Standard Book Number 0-19-501615-7
040 ## - CATALOGING SOURCE
Transcribing agency MAIN
082 ## - DEWEY DECIMAL CLASSIFICATION NUMBER
Classification number 821
100 ## - MAIN ENTRY--PERSONAL NAME
Personal name Bloom, Harold,
Relator term
245 11 - TITLE STATEMENT
Title Romantic poetry and prose
Statement of responsibility, etc. by Harold Bloom
250 ## - EDITION STATEMENT
Edition statement 1st.
260 ## - PUBLICATION, DISTRIBUTION, ETC.
Place of publication, distribution, etc. London:
Name of publisher, distributor, etc. New York oxford university press.
300 ## - PHYSICAL DESCRIPTION
Extent xvi; 813p:
Dimensions 23cm.
700 ## - ADDED ENTRY--PERSONAL NAME
Personal name Trilling, Lionel,
Relator term
942 ## - ADDED ENTRY ELEMENTS (KOHA)
Koha item type Books
653 ## - INDEX TERM--UNCONTROLLED
Uncontrolled term English poetry
Holdings
Withdrawn status Lost status Damaged status Not for loan Home library Current library Shelving location Date acquired Total Checkouts Full call number Barcode Date last seen Date last checked out Copy number Price effective from Koha item type
        Central Library, Naharkatiya College Central Library, Naharkatiya College General Stacks 19/09/2020 1 821 | BLO 4800 22/07/2021 27/04/2021 1 19/09/2020 Books

Naharkatiya College © 2020. All rights reserved.

Powered By